000 00749nam a2200193 a 4500
008 060810s2005 ||||||||||||||||| || u
020 _a9290451742
050 _aUNIDIR(02)2005/11
110 _aUnited Nations Institute for Disarmament Research (UNIDIR)
245 1 0 _aSafeguarding space for all
246 _asecurity and peaceful uses
260 _aGeneva
_bUnited Nations Institute for Disarmament Research
_c2005
300 _axv;120p.; ill.
350 _a0.00
500 _aconference report 25-26 march 2004
650 _aSOCIAL SECURITY
650 0 _aPEACE
995 _D0.00
_FCBU-MAIN LIBRARY (Kitwe)
_H1
_I0.00
_M1
_UAVAILABLE
_WAug 10, 2006
_ZInternational Publications
999 _c56891
_d56891